[Event "zonal 1.2"]
[Site "Pula CRO"]
[Date "2000.04.21"]
[Round "10"]
[White "Kutuzovic, Branko"]
[Black "Pavasovic, Dusko"]
[Result "1/2-1/2"]
[WhiteElo "2432"]
[BlackElo "2544"]
[EventDate "2000.04.11"]
[PlyCount "24"]

1.e4 e5 2.Nf3 Nc6 3.Bb5 a6 4.Ba4 Nf6 5.O-O b5 6.Bb3 Be7 7.Re1 O-O 8.c3 d6 
9.h3 Bb7 10.d4 Re8 11.Ng5 Rf8 12.Nf3 Re8 1/2-1/2

[Event "zonal 1.2"]
[Site "Pula CRO"]
[Date "2000.04.21"]
[Round "10"]
[White "Nedev, Trajce"]
[Black "Mohr, Georg"]
[Result "1/2-1/2"]
[WhiteElo "2483"]
[BlackElo "2488"]
[EventDate "2000.04.11"]
[PlyCount "90"]

1.e4 e6 2.d4 d5 3.Nd2 c5 4.Ngf3 Nf6 5.e5 Nfd7 6.c3 Nc6 7.Bd3 cxd4 8.cxd4 
Qb6 9.O-O Nxd4 10.Nxd4 Qxd4 11.Nf3 Qb6 12.Qa4 Qb4 13.Qc2 Qc5 14.Qe2 Be7 
15.Be3 Qa5 16.Rfc1 Qd8 17.Rc3 O-O 18.Rac1 f5 19.exf6 Bxf6 20.Rc7 Qe8 21.
Bg5 e5 22.Bxf6 Rxf6 23.Bb5 e4 24.Nd4 a6 25.Bxd7 Bxd7 26.Rxb7 Qe5 27.Qe3 
Bc8 28.Rbc7 Bg4 29.h3 Bh5 30.Rc8+ Rxc8 31.Rxc8+ Rf8 32.Rc6 Rf6 33.Rc5 h6 
34.Nc6 Qxb2 35.Ne7+ Kh7 36.Nxd5 Rf8 37.Nf4 Bf7 38.Qxe4+ Kg8 39.a4 Re8 40.
Qf3 Qa1+ 41.Kh2 Qxa4 42.Rc7 Qe4 43.Qg3 Re7 44.Rc8+ Re8 45.Rc7 Re7 1/2-1/2

[Event "zonal 1.2"]
[Site "Pula CRO"]
[Date "2000.04.21"]
[Round "10"]
[White "Pelletier, Yannick"]
[Black "Stanec, Nikolaus"]
[Result "1/2-1/2"]
[WhiteElo "2478"]
[BlackElo "2479"]
[EventDate "2000.04.11"]
[PlyCount "22"]

1.d4 Nf6 2.c4 g6 3.Nc3 Bg7 4.e4 d6 5.Be2 O-O 6.Nf3 e5 7.O-O exd4 8.Nxd4 
Re8 9.f3 c6 10.Kh1 Nbd7 11.Bf4 Nh5 1/2-1/2

[Event "zonal 1.2"]
[Site "Pula CRO"]
[Date "2000.04.21"]
[Round "10"]
[White "Weinzettl, Ernst"]
[Black "Ekstrom, Roland"]
[Result "1/2-1/2"]
[WhiteElo "2402"]
[BlackElo "2498"]
[EventDate "2000.04.11"]
[PlyCount "40"]

1.e4 c5 2.Nf3 Nc6 3.d4 cxd4 4.Nxd4 e5 5.Nb5 d6 6.N1c3 a6 7.Na3 b5 8.Nd5 
Nge7 9.Bg5 h6 10.Bxb5 axb5 11.Nxb5 Ra7 12.Nxa7 Nxa7 13.Bxe7 Bxe7 14.c3 Nc6
15.Qa4 Bd7 16.Qc4 O-O 17.b4 Bg5 18.O-O Ne7 19.Rfd1 Bg4 20.Rdb1 Nxd5 
1/2-1/2

[Event "zonal 1.2"]
[Site "Pula CRO"]
[Date "2000.04.22"]
[Round "11"]
[White "Huzman, Alexander"]
[Black "Sutovsky, Emil"]
[Result "0-1"]
[WhiteElo "2574"]
[BlackElo "2586"]
[EventDate "2000.04.11"]
[PlyCount "80"]

1.d4 Nf6 2.Nf3 g6 3.c4 Bg7 4.Nc3 d5 5.cxd5 Nxd5 6.e4 Nxc3 7.bxc3 c5 8.Bb5+
Nd7 9.O-O O-O 10.Bg5 h6 11.Bf4 Qa5 12.Qb3 g5 13.Bxd7 Bxd7 14.Be5 Qb5 15.
Bxg7 Kxg7 16.Qa3 b6 17.Ne5 Qa4 18.Qb2 cxd4 19.Nxd7 Qxd7 20.cxd4 Rac8 21.
Rac1 Rxc1 22.Rxc1 Rc8 23.Rxc8 Qxc8 24.g3 Qa6 25.d5+ f6 26.Qc2 Qa5 27.Kf1 
Qb4 28.Ke2 Qd4 29.f3 h5 30.Qd2 Qg1 31.Kd3 b5 32.e5 Qf1+ 33.Kc2 Qa1 34.
exf6+ Kxf6 35.Qc3+ Qxc3+ 36.Kxc3 Ke5 37.Kb4 Kxd5 38.Kxb5 e5 39.h4 a6+ 40.
Kb4 gxh4 0-1

[Event "zonal 1.2"]
[Site "Pula CRO"]
[Date "2000.04.22"]
[Round "11"]
[White "Mitkov, Nikola"]
[Black "Dizdarevic, Emir"]
[Result "1/2-1/2"]
[WhiteElo "2547"]
[BlackElo "2520"]
[EventDate "2000.04.11"]
[PlyCount "40"]

1.e4 c6 2.d4 d5 3.f3 g6 4.c3 Bg7 5.Be3 e5 6.dxe5 Bxe5 7.Nd2 Nf6 8.Qc2 Be6 
9.Ne2 dxe4 10.Nd4 Qe7 11.Nxe6 Qxe6 12.Bc4 Qe7 13.O-O-O Nbd7 14.Nxe4 Nxe4 
15.Qxe4 f5 16.Qc2 O-O-O 17.Bxa7 b6 18.Qa4 Qc5 19.Be6 Kc7 20.Bxd7 Bd6 
1/2-1/2

[Event "zonal 1.2"]
[Site "Pula CRO"]
[Date "2000.04.22"]
[Round "11"]
[White "Hickl, Jorg"]
[Black "Hulak, Krunoslav"]
[Result "1/2-1/2"]
[WhiteElo "2556"]
[BlackElo "2495"]
[EventDate "2000.04.11"]
[PlyCount "84"]

1.g3 g6 2.Bg2 Bg7 3.c4 c5 4.Nc3 Nc6 5.a3 a6 6.Rb1 Rb8 7.b4 cxb4 8.axb4 b5 
9.cxb5 axb5 10.Nf3 d5 11.d4 e6 12.e4 dxe4 13.Nxe4 Nf6 14.Bg5 h6 15.Nxf6+ 
Bxf6 16.Bxf6 Qxf6 17.O-O O-O 18.Qc1 Bb7 19.d5 Ne7 20.Qxh6 Bxd5 21.Nd2 Rfd8
22.Bxd5 exd5 23.Rb3 Rbc8 24.Rd3 Nf5 25.Qf4 Rc3 26.Rxc3 Qxc3 27.Nf3 Qc4 28.
Qg5 Re8 29.h4 Qxb4 30.h5 Kg7 31.hxg6 fxg6 32.Rc1 Qd6 33.Kg2 b4 34.Rh1 Rh8 
35.Ra1 Rf8 36.Qd2 d4 37.g4 Ne7 38.Ra7 Rd8 39.Qe2 Rd7 40.Rxd7 Qxd7 41.Qe5+ 
Kg8 42.Qxd4 Qxd4 1/2-1/2

[Event "zonal 1.2"]
[Site "Pula CRO"]
[Date "2000.04.22"]
[Round "11"]
[White "Feletar, Darko"]
[Black "Slobodjan, Roman"]
[Result "1/2-1/2"]
[WhiteElo "2410"]
[BlackElo "2566"]
[EventDate "2000.04.11"]
[PlyCount "22"]

1.e4 e5 2.Nf3 Nc6 3.d4 exd4 4.Nxd4 Bb4+ 5.c3 Bc5 6.Nxc6 bxc6 7.Bd3 Ne7 8.
O-O d6 9.Nd2 O-O 10.Qh5 f5 11.Nb3 Bb6 1/2-1/2